<?xml version="1.0" encoding="UTF-8"?><?xml-stylesheet type="text/xsl" href="static/style.xsl"?><OAI-PMH xmlns="http://www.openarchives.org/OAI/2.0/" xmlns:xsi="http://www.w3.org/2001/XMLSchema-instance" xsi:schemaLocation="http://www.openarchives.org/OAI/2.0/ http://www.openarchives.org/OAI/2.0/OAI-PMH.xsd"><responseDate>2026-04-17T04:24:24Z</responseDate><request verb="GetRecord" identifier="oai:www.recercat.cat:10459.1/72959" metadataPrefix="marc">https://recercat.cat/oai/request</request><GetRecord><record><header><identifier>oai:recercat.cat:10459.1/72959</identifier><datestamp>2024-12-05T22:31:38Z</datestamp><setSpec>com_2072_3622</setSpec><setSpec>col_2072_479130</setSpec></header><metadata><record xmlns="http://www.loc.gov/MARC21/slim" xmlns:dcterms="http://purl.org/dc/terms/" xmlns:xsi="http://www.w3.org/2001/XMLSchema-instance" xmlns:doc="http://www.lyncode.com/xoai" xsi:schemaLocation="http://www.loc.gov/MARC21/slim http://www.loc.gov/standards/marcxml/schema/MARC21slim.xsd">
   <leader>00925njm 22002777a 4500</leader>
   <datafield ind2=" " ind1=" " tag="042">
      <subfield code="a">dc</subfield>
   </datafield>
   <datafield ind2=" " ind1=" " tag="720">
      <subfield code="a">Pinheiro, José-Paulo</subfield>
      <subfield code="e">author</subfield>
   </datafield>
   <datafield ind2=" " ind1=" " tag="720">
      <subfield code="a">Galceran i Nogués, Josep</subfield>
      <subfield code="e">author</subfield>
   </datafield>
   <datafield ind2=" " ind1=" " tag="720">
      <subfield code="a">Rotureau, Elise</subfield>
      <subfield code="e">author</subfield>
   </datafield>
   <datafield ind2=" " ind1=" " tag="720">
      <subfield code="a">Companys Ferran, Encarnació</subfield>
      <subfield code="e">author</subfield>
   </datafield>
   <datafield ind2=" " ind1=" " tag="720">
      <subfield code="a">Puy Llorens, Jaume</subfield>
      <subfield code="e">author</subfield>
   </datafield>
   <datafield ind2=" " ind1=" " tag="260">
      <subfield code="c">2022-02-07T11:44:37Z</subfield>
   </datafield>
   <datafield ind2=" " ind1=" " tag="260">
      <subfield code="c">2022-02-07T11:44:37Z</subfield>
   </datafield>
   <datafield ind2=" " ind1=" " tag="260">
      <subfield code="c">2020</subfield>
   </datafield>
   <datafield ind2=" " ind1=" " tag="520">
      <subfield code="a">The different deposition potentials applied in Scanned Stripping ChronoPotentiometry&#xd;
(SSCP) probe different values of the free metal and complex concentrations at the&#xd;
electrode surface. The knowledge of these concentrations gives access to a relevant&#xd;
window of the binding curve of a metal to a homogeneous or heterogeneous ligand.&#xd;
Here, a suitable mathematical treatment for the determination of these surface&#xd;
concentrations, when using a mercury thin film rotating disk electrode, is reported. The&#xd;
proposed procedure does not require ligand excess conditions and takes advantage of&#xd;
the knowledge of the free metal ion concentration in the bulk solution provided by the&#xd;
technique AGNES (Absence of Gradients and Nernstian Equilibrium Stripping). It is&#xd;
experimentally shown that the information derived from the SSCP points (i.e. at&#xd;
different deposition potentials in a unique solution) is consistent with the speciation&#xd;
results yielded by the technique AGNES in pertinent solutions prepared within a range&#xd;
of metal-to-ligand ratios. Successful examples with polystyrene sulfonate, Laurentian&#xd;
Fulvic acid and a peat humic acid are reported. It is concluded that, by running&#xd;
consecutively SSCP and AGNES in a single solution, speciation information&#xd;
corresponding to different compositions (i.e. those locally generated at the electrode surface by the end of the deposition step) can be retrieved, this enabling an easy&#xd;
determination of the binding curve.</subfield>
   </datafield>
   <datafield ind1="8" ind2=" " tag="024">
      <subfield code="a">http://hdl.handle.net/10459.1/72959</subfield>
   </datafield>
   <datafield tag="653" ind2=" " ind1=" ">
      <subfield code="a">AGNES</subfield>
   </datafield>
   <datafield tag="653" ind2=" " ind1=" ">
      <subfield code="a">SSCP</subfield>
   </datafield>
   <datafield tag="653" ind2=" " ind1=" ">
      <subfield code="a">Speciation</subfield>
   </datafield>
   <datafield tag="653" ind2=" " ind1=" ">
      <subfield code="a">Heterogeneity</subfield>
   </datafield>
   <datafield tag="653" ind2=" " ind1=" ">
      <subfield code="a">Metalls</subfield>
   </datafield>
   <datafield tag="653" ind2=" " ind1=" ">
      <subfield code="a">Anàlisi electroquímica</subfield>
   </datafield>
   <datafield ind2="0" ind1="0" tag="245">
      <subfield code="a">Full wave analysis of stripping chronopotentiometry at scanned deposition potential (SSCP): obtaining binding curves in labile heterogeneous macromolecular systems for any metal-toligand ratio.</subfield>
   </datafield>
</record></metadata></record></GetRecord></OAI-PMH>